| 000 | 00519 a2200205 4500 | ||
|---|---|---|---|
| 260 | _aMontpellier | ||
| 260 | _bRNED | ||
| 245 | _aIrrigation localisée : choix et utilisation des équipements de micro-irrigation | ||
| 300 | _a(Nonpag.) | ||
| 650 | _aIRRIGATION LOCALISEE | ||
| 650 | _aIRRIGATION GOUTTE A GOUTTE | ||
| 650 | _aMATERIEL D'IRRIGATION | ||
| 260 | _c1988 | ||
| 300 | _bcouv.ill.en coul.,ill. | ||
| 130 | _lFR | ||
| 710 | _aRNED | ||
| 690 | _aMICRO IRRIGATION | ||
| 999 |
_c22244 _d22244 |
||